ਤਾਂਡਵ ਨਾਚ / (Record no. 37746)

MARC details
000 -LEADER
fixed length control field 01753nam a22002897a 4500
005 - DATE AND TIME OF LATEST TRANSACTION
control field 20090511103413.0
008 - FIXED-LENGTH DATA ELEMENTS--GENERAL INFORMATION
fixed length control field 090511t xxu||||| |||| 00| 0 pun d
010 ## - LCCN (DPL NO)
LC control number B-396030-033
020 ## - INTERNATIONAL STANDARD BOOK NUMBER
Terms of availability 125.00
International Standard Book Number 8171429653
020 ## - INTERNATIONAL STANDARD BOOK NUMBER
Terms of availability 125.00
International Standard Book Number 9788171429653
035 ## - SYSTEM CONTROL NUMBER
System control number B-396030-033
037 ## - SOURCE OF ACQUISITION
Source of stock number/acquisition ਨੇਸ਼ਨਲ ਬੁਕ ਸ਼ਾਪ
040 ## - CATALOGING SOURCE
Original cataloging agency dpl
Language of cataloging pn
082 ## - DEWEY DECIMAL CLASSIFICATION NUMBER
Classification number
100 ## - MAIN ENTRY--PERSONAL NAME
Personal name ਸਤਿਨਾਮ ਸਿੰਘ ਸੰਦੇਸ਼ੀ
9 (RLIN) 619
245 ## - TITLE STATEMENT
Title ਤਾਂਡਵ ਨਾਚ /
Statement of responsibility, etc ਸਤਿਨਾਮ ਸਿੰਘ ਸੰਦੇਸ਼ੀ
246 ## - VARYING FORM OF TITLE
Title proper/short title Taandav naach
Remainder of title by Satinam singh sandeshi
260 ## - PUBLICATION, DISTRIBUTION, ETC. (IMPRINT)
Place of publication, distribution, etc ਚੰਡੀਗਡ਼
Name of publisher, distributor, etc ਲੋਕ ਗੀਤ ਪ੍ਰਕਾਸਨ
Date of publication, distribution, etc 2009
270 ## - ADDRESS
Address S.C.O-26-27, Sector-34,
City Chandigarh
Postal code 160022
Telephone number 0172-5077427, 5077428
300 ## - PHYSICAL DESCRIPTION
Extent 103 ਪੰ.
Dimensions 22 ਸੇਮੀ (ਸਜਿ਼ਲਦ)
942 ## - ADDED ENTRY ELEMENTS (KOHA)
Source of classification or shelving scheme Dewey Decimal Classification
Item type Punjabi Bks
Classification part
Call number suffix ਸਤਿਨਾ
Holdings
Withdrawn status Lost status Source of classification or shelving scheme Damaged status Not for loan Collection code Home library Current library Date acquired Source of acquisition Cost, normal purchase price Total Checkouts Total Renewals Full call number Barcode Date last seen Copy number Cost, replacement price Koha item type
    Dewey Decimal Classification     Fiction Central Library Central Library 26/07/2010 BPPD/PUB/13;13/23.3.10/253/30.3.10 125.00 1 1 ਓ ਸਤਿਨਾ B-396030 12/11/2022 1 125.00 Punjabi Bks
    Dewey Decimal Classification     Fiction Mobile Library Mobile Library 16/08/2010 BPPD/PUB/13;13/23.3.10/253/30.3.10 125.00     ਓ ਸਤਿਨਾ B-396031 16/08/2010 1 125.00 Punjabi Bks
    Dewey Decimal Classification     Fiction Sarojini Nagar Sarojini Nagar 16/08/2010 BPPD/PUB/13;13/23.3.10/253/30.3.10 125.00     ਓ ਸਤਿਨਾ B-396032 16/08/2010 1 125.00 Punjabi Bks
    Dewey Decimal Classification     Fiction Yojana Vihar Yojana Vihar 16/08/2010 BPPD/PUB/13;13/23.3.10/253/30.3.10 125.00     ਓ ਸਤਿਨਾ B-396033 16/08/2010 1 125.00 Punjabi Bks

© Delhi Public Library
Hit Counter
free hit counter